| 000 | 00491pab a2200181 454500 | ||
|---|---|---|---|
| 008 | 180718b2010 xxu||||| |||| 00| 0 eng d | ||
| 100 | _aCharusheela, S. | ||
| 245 | _aGender and the stability of consumption: A feminist contribution to post-Keynesian economics | ||
| 260 | _c2010 | ||
| 300 | _ap.1145-1156. | ||
| 362 | _aNov | ||
| 650 | _aConsumption | ||
| 650 | _aKeynesian economics | ||
| 650 | _aWomen | ||
| 773 | _aCambridge Journal of Economics | ||
| 908 | _aN | ||
| 909 | _a89869 | ||
| 999 |
_c89869 _d89869 |
||